[Event "España tch Primera División - B 2013"]
[Site "Linares ESP"]
[Date "2013.08.23"]
[Round "5.12"]
[White "Vazquez Igarza, Renier"]
[Black "Rodriguez Fontecha, Marcos"]
[Result "1-0"]
[WhiteElo "2580"]
[BlackElo "2317"]
[PlyCount "64"]
[EventDate "2013.08.19"]
[EventType "team-tourn"]
[EventRounds "5"]
[EventCountry "ESP"]
[Source "lmi"]
[SourceDate "2013.08.19"]

1. Nf3 d5 2. d4 Nf6 3. c4 c6 4. Nc3 dxc4 5. a4 Bg4 6. Ne5 Nbd7 7. Nxg4 Nxg4 8.
e3 Ngf6 9. Bxc4 e6 10. O-O Be7 11. e4 e5 12. Be3 O-O 13. h3 Qc7 14. Qc2 Rad8
15. Rad1 Qb8 16. Ba2 exd4 17. Bxd4 Nh5 18. Qe2 Nf4 19. Qg4 Nf6 20. Qf3 Ng6 21.
Qe3 b6 22. Ne2 Qb7 23. Bc3 Rfe8 24. Ng3 Bc5 25. Qf3 Nh4 26. Qf4 Ng6 27. Qg5
Rxd1 28. Rxd1 Nxe4 29. Nxe4 Rxe4 30. g3 Re8 31. Qf5 Nf8 32. b4 Ra8 1-0

[Event "España tch Primera División - B 2013"]
[Site "Linares ESP"]
[Date "2013.08.23"]
[Round "5.13"]
[White "Martin Fuentes, Alberto"]
[Black "Moreno Ruiz, Javier"]
[Result "1/2-1/2"]
[WhiteElo "2320"]
[BlackElo "2471"]
[PlyCount "108"]
[EventDate "2013.08.19"]
[EventType "team-tourn"]
[EventRounds "5"]
[EventCountry "ESP"]
[Source "lmi"]
[SourceDate "2013.08.19"]

1. e4 e5 2. Nf3 Nc6 3. d4 exd4 4. Bc4 Bc5 5. c3 Nf6 6. e5 d5 7. Bb5 Ne4 8. cxd4
Bb6 9. Nc3 O-O 10. Be3 Bg4 11. h3 Bh5 12. Ne2 Ba5+ 13. Kf1 Ne7 14. g4 Bg6 15.
Nf4 c6 16. Bd3 Qd7 17. Qc2 f5 18. g5 Rfc8 19. a3 Bb6 20. b4 a5 21. Kg2 Bf7 22.
h4 Ng6 23. Qb2 h6 24. gxh6 Nxf4+ 25. Bxf4 gxh6 26. Nh2 Kh7 27. Rag1 axb4 28.
axb4 Rg8+ 29. Kf1 Qe7 30. Be2 Rxg1+ 31. Kxg1 Rg8+ 32. Kf1 Qxh4 33. Be3 f4 34.
Bf3 fxe3 35. Ng4 Qxh1+ 36. Bxh1 Rxg4 37. fxe3 Ng3+ 38. Kg1 Nf5+ 39. Kh2 Rh4+
40. Kg1 Bg6 41. b5 c5 42. Qb3 Rg4+ 43. Kh2 c4 44. Qa3 Rh4+ 45. Kg1 Rg4+ 46. Kh2
Rh4+ 47. Kg1 Bd8 48. Bxd5 Bg5 49. Qf8 Bxe3+ 50. Kg2 Rg4+ 51. Kh3 Rh4+ 52. Kg2
Rg4+ 53. Kh3 Rh4+ 54. Kg2 Rg4+ 1/2-1/2

[Event "España tch Primera División - B 2013"]
[Site "Linares ESP"]
[Date "2013.08.23"]
[Round "5.14"]
[White "Pastor Alonso De Prado, Alberto"]
[Black "Arnedo Ruiz, Alberto"]
[Result "1-0"]
[WhiteElo "2113"]
[BlackElo "2188"]
[PlyCount "99"]
[EventDate "2013.08.19"]
[EventType "team-tourn"]
[EventRounds "5"]
[EventCountry "ESP"]
[Source "lmi"]
[SourceDate "2013.08.19"]

1. e4 e5 2. Nf3 Nc6 3. Nc3 Nf6 4. Bb5 Bd6 5. Bxc6 dxc6 6. d4 Bg4 7. Be3 Qe7 8.
h3 Bxf3 9. Qxf3 O-O 10. O-O exd4 11. Bxd4 Be5 12. Rad1 Rad8 13. Qe3 b6 14. g3
Rfe8 15. Bxe5 Qxe5 16. Kg2 h6 17. f4 Qe7 18. Rxd8 Rxd8 19. Re1 Re8 20. a3 Qe6
21. f5 Qe5 22. Qf4 Nd5 23. Qxe5 Rxe5 24. Nd1 Nf6 25. Nf2 c5 26. Kf3 c4 27. Rd1
Kf8 28. Rd4 Rc5 29. Nd1 Ke7 30. Ne3 b5 31. g4 c6 32. h4 Ne8 33. g5 hxg5 34.
hxg5 f6 35. g6 Nd6 36. Kf4 a5 37. c3 b4 38. a4 bxc3 39. bxc3 Nb5 40. axb5 cxb5
41. Rd5 Rc7 42. Rxb5 Ra7 43. Nxc4 a4 44. Na3 Kd6 45. c4 Kc6 46. e5 fxe5+ 47.
Rxe5 Kb6 48. Rb5+ Kc6 49. f6 gxf6 50. Ke4 1-0

[Event "España tch Primera División - B 2013"]
[Site "Linares ESP"]
[Date "2013.08.23"]
[Round "5.21"]
[White "Pena Gomez, Manuel"]
[Black "Adla, Diego"]
[Result "1-0"]
[WhiteElo "2414"]
[BlackElo "2492"]
[PlyCount "79"]
[EventDate "2013.08.19"]
[EventType "team-tourn"]
[EventRounds "5"]
[EventCountry "ESP"]
[Source "lmi"]
[SourceDate "2013.08.19"]

1. c4 b6 2. Nc3 c5 3. Nf3 Nf6 4. d4 cxd4 5. Nxd4 d6 6. e4 Bb7 7. f3 e6 8. Be3
Be7 9. Be2 O-O 10. O-O Nbd7 11. Qd2 a6 12. Rfd1 Rc8 13. b3 Qc7 14. Rac1 Qb8 15.
Bf1 Bd8 16. g4 h6 17. h4 Nh7 18. g5 hxg5 19. hxg5 g6 20. Bh3 Re8 21. Nde2 Rc6
22. f4 Ndf8 23. Nd4 Rc7 24. Nf3 Rd7 25. Nh2 f5 26. Bg2 Qa8 27. Qf2 Qb8 28. a4
Rf7 29. Qg3 e5 30. exf5 gxf5 31. Nd5 Rg7 32. Nf3 Ng6 33. Re1 b5 34. axb5 axb5
35. Nh4 Nxh4 36. Qxh4 exf4 37. Bxf4 Rxe1+ 38. Rxe1 Bxg5 39. Bxg5 Rxg5 40. Nf6+
1-0

[Event "España tch Primera División - B 2013"]
[Site "Linares ESP"]
[Date "2013.08.23"]
[Round "5.24"]
[White "Quintin Navarro, Alberto"]
[Black "Rodriguez Lopez, Rafael"]
[Result "1-0"]
[WhiteElo "2241"]
[BlackElo "2265"]
[PlyCount "73"]
[EventDate "2013.08.19"]
[EventType "team-tourn"]
[EventRounds "5"]
[EventCountry "ESP"]
[Source "lmi"]
[SourceDate "2013.08.19"]

1. d4 Nf6 2. c4 e6 3. Nf3 b6 4. a3 Ba6 5. Qc2 Bb7 6. Nc3 c5 7. dxc5 bxc5 8. Bf4
d6 9. e3 Be7 10. Be2 O-O 11. h3 Qb6 12. O-O Nbd7 13. Rfd1 Rfd8 14. b4 Rac8 15.
Rab1 Ba8 16. Rd2 d5 17. b5 Qa5 18. a4 Ne4 19. Nxe4 dxe4 20. Nh2 Nb6 21. Rbd1
Qxa4 22. Rxd8+ Rxd8 23. Rxd8+ Bxd8 24. Qd2 Be7 25. Bd6 Kf8 26. Bxc5 Ke8 27.
Bxe7 Kxe7 28. Qd4 Qb4 29. Qe5 Nd7 30. Qg5+ Kd6 31. Qxg7 Qe1+ 32. Bf1 f5 33. c5+
Nxc5 34. Qf8+ Kd5 35. Qxa8+ Ke5 36. Qb8+ Kd5 37. Qd8+ 1-0

[Event "España tch Primera División - B 2013"]
[Site "Linares ESP"]
[Date "2013.08.23"]
[Round "5.31"]
[White "Andres Gonzalez, Ivan"]
[Black "Barbero Sendic, Alejandro"]
[Result "1-0"]
[WhiteElo "2311"]
[BlackElo "2363"]
[PlyCount "117"]
[EventDate "2013.08.19"]
[EventType "team-tourn"]
[EventRounds "5"]
[EventCountry "ESP"]
[Source "lmi"]
[SourceDate "2013.08.19"]

1. e4 c5 2. Nc3 d6 3. Nf3 Nf6 4. d4 cxd4 5. Nxd4 g6 6. h3 Bg7 7. Be3 Nc6 8. Bc4
Bd7 9. O-O O-O 10. Bb3 Rc8 11. f4 Qa5 12. Qd3 Nb4 13. Qe2 Na6 14. Qf3 Nc5 15.
Rae1 e5 16. Nde2 Nxb3 17. axb3 Bc6 18. fxe5 dxe5 19. Bg5 Nxe4 20. Nxe4 f5 21.
Qc3 Qd5 22. N2g3 fxe4 23. Rxf8+ Rxf8 24. Nxe4 h6 25. Bc1 Kh7 26. Qc4 Qd7 27.
Be3 b6 28. Nf2 Ba8 29. Rd1 Qf5 30. Qd3 Qxd3 31. Rxd3 Rf7 32. Rd8 Bb7 33. c3 h5
34. b4 Bf6 35. Rd1 Kg7 36. c4 e4 37. b3 Bc3 38. b5 Kh7 39. Rd6 Bb4 40. Rd1 g5
41. Ra1 Ba8 42. Rd1 Bb7 43. Kf1 g4 44. hxg4 hxg4 45. Ke2 g3 46. Nh3 Kg7 47. Rd8
Bc5 48. Bxc5 bxc5 49. Ke3 Re7 50. Nf4 Kh6 51. Rg8 Rd7 52. Ke2 Rf7 53. Ke3 Rd7
54. Rxg3 Rd1 55. Rg6+ Kh7 56. Re6 Rd7 57. Re5 Rc7 58. Ne6 Bc8 59. Kxe4 1-0

[Event "España tch Primera División - B 2013"]
[Site "Linares ESP"]
[Date "2013.08.23"]
[Round "5.32"]
[White "Trepat Herranz, Joan"]
[Black "Recuero Guerra, Javier"]
[Result "1-0"]
[WhiteElo "2315"]
[BlackElo "2228"]
[PlyCount "109"]
[EventDate "2013.08.19"]
[EventType "team-tourn"]
[EventRounds "5"]
[EventCountry "ESP"]
[Source "lmi"]
[SourceDate "2013.08.19"]

1. e4 c5 2. Nf3 e6 3. g3 a6 4. Bg2 b5 5. O-O Bb7 6. d3 Nf6 7. Nbd2 d5 8. e5
Nfd7 9. Re1 g5 10. h3 Nc6 11. c3 h5 12. Nf1 g4 13. hxg4 hxg4 14. N3h2 Ncxe5 15.
Nxg4 Bd6 16. Nxe5 Nxe5 17. d4 Nd7 18. Ne3 Be7 19. dxc5 Nxc5 20. Qd4 Rg8 21. Nf5
exf5 22. Qxc5 Rg6 23. Bf4 Re6 24. Qd4 Bf6 25. Qd3 Qe7 26. Re3 Re4 27. f3 Rxe3
28. Bxe3 Bc8 29. a4 bxa4 30. Rxa4 Bd7 31. Ra1 Qd6 32. f4 Be6 33. Bd4 Bd8 34.
Re1 Kd7 35. Qe3 Rb8 36. b4 Bb6 37. Ra1 Bxd4 38. Qxd4 Qb6 39. Qxb6 Rxb6 40. Bf1
d4 41. Rd1 Rc6 42. Rxd4+ Kc7 43. c4 a5 44. bxa5 Ra6 45. Kh2 Kc6 46. Rd5 Kc7 47.
Rc5+ Rc6 48. Rxc6+ Kxc6 49. Kh3 Kc5 50. Kh4 Kd4 51. a6 Bc8 52. a7 Bb7 53. Kh3
Ke3 54. Bg2 Kf2 55. Bxb7 1-0

[Event "España tch Primera División - B 2013"]
[Site "Linares ESP"]
[Date "2013.08.23"]
[Round "5.33"]
[White "Alonso Alvarez, Aitor"]
[Black "Coll Ortega, Jordi"]
[Result "1-0"]
[WhiteElo "2221"]
[BlackElo "2307"]
[PlyCount "83"]
[EventDate "2013.08.19"]
[EventType "team-tourn"]
[EventRounds "5"]
[EventCountry "ESP"]
[Source "lmi"]
[SourceDate "2013.08.19"]

1. f4 d5 2. Nf3 Nf6 3. e3 g6 4. Be2 Bg7 5. O-O O-O 6. d4 b6 7. Nbd2 c5 8. c3
Ng4 9. Nb1 Nh6 10. Qb3 Ba6 11. Re1 Bxe2 12. Rxe2 e6 13. Nbd2 Qc7 14. Nf1 Nd7
15. Bd2 b5 16. Be1 Rab8 17. h3 a5 18. a3 Rfc8 19. g4 f5 20. Ng5 Qb6 21. Nh2 b4
22. axb4 axb4 23. Qa4 Qd6 24. Qa7 Bf6 25. dxc5 Rxc5 26. cxb4 Rc7 27. Ra6 Rc6
28. Rxc6 Qxc6 29. Bc3 Bxg5 30. fxg5 Nf7 31. gxf5 gxf5 32. Nf3 Ra8 33. b5 Rxa7
34. bxc6 Nb8 35. b4 Nxc6 36. b5 Nb8 37. Nd4 Nd8 38. Bb4 Kf7 39. Rc2 Ke8 40. Rc8
Ra4 41. Rxb8 Rxb4 42. Rxd8+ 1-0

[Event "España tch Primera División - B 2013"]
[Site "Linares ESP"]
[Date "2013.08.23"]
[Round "5.34"]
[White "Rodriguez Melgar, Josep M."]
[Black "Suarez Garcia, Ivan"]
[Result "1/2-1/2"]
[WhiteElo "2190"]
[BlackElo "1930"]
[PlyCount "88"]
[EventDate "2013.08.19"]
[EventType "team-tourn"]
[EventRounds "5"]
[EventCountry "ESP"]
[Source "lmi"]
[SourceDate "2013.08.19"]

1. e4 c6 2. d4 d5 3. Nc3 dxe4 4. Nxe4 Bf5 5. Ng3 Bg6 6. h4 h6 7. Nf3 Nd7 8. h5
Bh7 9. Bd3 Bxd3 10. Qxd3 e6 11. Bd2 Qc7 12. Qe2 Ngf6 13. c4 Bd6 14. Nf5 O-O-O
15. Nxd6+ Qxd6 16. O-O-O Qc7 17. Ne5 Nxe5 18. dxe5 Nd7 19. f4 Nc5 20. Bb4 b6
21. Bxc5 bxc5 22. Qe3 Qa5 23. a3 Rd4 24. Rxd4 cxd4 25. Qxd4 Rd8 26. Qf2 Qa4 27.
Qc5 Kc7 28. g4 Rd7 29. Rf1 Kb7 30. g5 Qb3 31. Qb4+ Qxb4 32. axb4 Rd4 33. b3 Rd3
34. Rd1 Rxb3 35. Rd7+ Kb6 36. c5+ Kb5 37. Rxf7 hxg5 38. fxg5 Rh3 39. Rxg7 Rxh5
40. Rb7+ Ka6 41. Rc7 Kb5 42. Rb7+ Ka6 43. Rc7 Kb5 44. Rb7+ Ka6 1/2-1/2